| 000 | 00357nam a2200109Ia 4500 | ||
|---|---|---|---|
| 008 | 171211s9999 xx 000 0 und d | ||
| 245 | 4 | _aThe Accidental Gardener: How to Create your own Tranquil Haven by Michael Powell | |
| 245 | _cMichael Powell | ||
| 260 | _c2004 | ||
| 650 | _xFamily and Friendship | ||
| 856 | _uhttp://down.ebook777.com/065/1840247517.pdf | ||
| 999 |
_c350257 _d350257 |
||